000 01978nam0a2200385 i 4500
001 RU\NLR\BIBL_A\010729695
005 20260408083129.0
010 _a9785000192917
_9500
021 _aRU
_b2015-396и
_944и
035 _a(NILC)RuMoRGB-007898363
035 _a(NLR Aleph) 010729695
090 _a9859386
_c9859386
100 _a20150415d2014 um y0rusy50 ca
101 0 _arus
102 _aRU
105 _aa|||z||||11yy
200 1 _aУниверситетская Казань XIX - первой трети XX века
_e[альбом]
_eк 210-летию Казанского университета
_f[сост.: И. С. Александрова и др.
_gвступ. ст.: Э. И. Амерханова]
210 _aКазань
_cИзд-во Казанского университета
_d2014
215 _a152 с.
_cцв. ил.
_d18x22
320 _aБиблиогр. в подстроч. примеч.
320 _aУказ. ил.: с. 144-151
601 0 2 _aКазанский императорский университет
_jАльбомы
_xИстория
_92290200
_3RU\NLR\AUTH\661371648
607 _aКазань, город (Татария)
_jАльбомы
_xАрхитектура
_91241608
_3RU\NLR\AUTH\66507314
686 1 _aЩ113(2Р=Тат)92Казань я61
686 1 _aЧ484(28)711.9-Казанский я6
702 1 _4220
_aАлександрова
_bИ. С.
_cсоставитель фотоальбома
_gИрина Сергеевна
_9145383
_3RU\NLR\AUTH\770145419
711 0 2 _aКазанский (Приволжский) федеральный университет
_3RU\NLR\AUTH\8810165675
_9827387
712 0 2 _4570
_aКазанский императорский университет
_3RU\NLR\AUTH\886383
_9284589
801 0 _aRU
_bРГБ
_c20150326
_gRCR
801 1 _aRU
_bРГБ
_c20150326
_2rusmarc
942 _cBOOK
980 _aNBR